Mainly Manhat Tan (Record no. 729)
[ view plain ]
| 000 -LEADER | |
|---|---|
| campo de control de longitud fija | 00477nam a22001337a 4500 |
| 008 - DATOS DE LONGITUD FIJA--INFORMACIÓN GENERAL | |
| campo de control de longitud fija | 150831b xxu||||| |||| 00| 0 eng d |
| 082 ## - NÚMERO DE LA CLASIFICACIÓN DECIMAL DEWEY | |
| Número de clasificación | 779.092 |
| Número de ítem | B586m |
| 100 ## - ENTRADA PRINCIPAL--NOMBRE DE PERSONA | |
| Nombre de persona | Biegman, Nicolaas |
| 9 (RLIN) | 3417 |
| 245 ## - MENCIÓN DEL TÍTULO | |
| Título | Mainly Manhat Tan |
| Mención de responsabilidad, etc. | Nicolaas Biegman |
| 260 ## - PUBLICACIÓN, DISTRIBUCIÓN, ETC. | |
| Lugar de publicación, distribución, etc. | Amsterdam |
| Nombre del editor, distribuidor, etc. | Goose Press |
| Fecha de publicación, distribución, etc. | 1997 |
| 300 ## - DESCRIPCIÓN FÍSICA | |
| Extensión | 234 p. |
| Otras características físicas | ill. |
| Dimensiones | 23 cm |
| 600 ## - PUNTO DE ACCESO ADICIONAL DE MATERIA--NOMBRE DE PERSONA | |
| Nombre de persona | Biergman, Nicolaas |
| Subdivisión general | Fotografía artística |
| Subdivisión geográfica | New York, Estados Unidos |
| 9 (RLIN) | 3418 |
| 651 ## - PUNTO DE ACCESO ADICIONAL DE MATERIA--NOMBRE GEOGRÁFICO | |
| Nombre geográfico | Estados Unidos, New York |
| Subdivisión de forma | Trabajo pictórico |
| Subdivisión geográfica | Manhattan |
| 9 (RLIN) | 3419 |
| Estatus retirado | Estado de pérdida | Fuente del sistema de clasificación o colocación | Estado de daño | No para préstamo | Biblioteca de origen | Biblioteca actual | Ubicación en estantería | Fecha de adquisición | Total de préstamos | Signatura topográfica completa | Código de barras | Visto por última vez | Precio de reemplazo | Tipo de ítem Koha |
|---|---|---|---|---|---|---|---|---|---|---|---|---|---|---|
| Clasificación Decimal Dewey | Biblioteca LadoV | Biblioteca LadoV | 31/08/2015 | 779.092 B586m | 000617 | 31/08/2015 | 31/08/2015 | Material 01 |
